| 000 | 00687nam a2200217 4500 | ||
|---|---|---|---|
| 003 | OSt | ||
| 005 | 20260601193848.0 | ||
| 008 | 260422b1974 mx a|||| |||| 00| 0 spa d | ||
| 040 |
_aICI _bspa _cICI |
||
| 050 |
_aHC131 _bR34 |
||
| 100 | 1 |
_aRamírez Rancaño, Mario, _931846 |
|
| 245 | 1 |
_aLa burguesia industrial : _brevelaciones de una encuesta. |
|
| 264 |
_bInstituto de investigaciones sociales, UNAM _c1974 _aMéxico : |
||
| 300 |
_a211 páginas _c18.3 cm |
||
| 336 |
_atexto _2rdacontent |
||
| 337 |
_asin medio _2rdamedia |
||
| 338 |
_avolumen _2rdacarrier |
||
| 650 |
_aCapitalismo _917224 |
||
| 651 |
_aMéxico _xCondiciones económicas _y1970- |v Congresos _931847 |
||
| 942 |
_2lcc _cB |
||
| 999 |
_c21744 _d21744 |
||